<?xml version="1.0" encoding="UTF-8"?>
<record
    xmlns:xsi="http://www.w3.org/2001/XMLSchema-instance"
    xsi:schemaLocation="http://www.loc.gov/MARC21/slim http://www.loc.gov/standards/marcxml/schema/MARC21slim.xsd"
    xmlns="http://www.loc.gov/MARC21/slim">

  <leader>00484nam a22001817a 4500</leader>
  <controlfield tag="005">20240424150453.0</controlfield>
  <controlfield tag="008">240424b        |||||||| |||| 00| 0 eng d</controlfield>
  <datafield tag="020" ind1=" " ind2=" ">
    <subfield code="a">9789352702862</subfield>
  </datafield>
  <datafield tag="082" ind1=" " ind2=" ">
    <subfield code="a">617</subfield>
    <subfield code="b">HAR-R</subfield>
  </datafield>
  <datafield tag="100" ind1=" " ind2=" ">
    <subfield code="a">Hargest Rachel</subfield>
  </datafield>
  <datafield tag="245" ind1=" " ind2=" ">
    <subfield code="a">Recent Advanced in Surgery 39 /</subfield>
    <subfield code="c">Michael Douek,</subfield>
  </datafield>
  <datafield tag="260" ind1=" " ind2=" ">
    <subfield code="a">India :</subfield>
    <subfield code="b">jaypee :</subfield>
    <subfield code="c">2019.</subfield>
  </datafield>
  <datafield tag="300" ind1=" " ind2=" ">
    <subfield code="a">vi,180p.</subfield>
    <subfield code="b">ill;</subfield>
    <subfield code="c">24cm.</subfield>
  </datafield>
  <datafield tag="500" ind1=" " ind2=" ">
    <subfield code="a">include index .</subfield>
  </datafield>
  <datafield tag="650" ind1=" " ind2=" ">
    <subfield code="a">Medical / Surgery</subfield>
  </datafield>
  <datafield tag="700" ind1=" " ind2=" ">
    <subfield code="a">Michael Douek,</subfield>
  </datafield>
  <datafield tag="999" ind1=" " ind2=" ">
    <subfield code="c">35598</subfield>
    <subfield code="d">35598</subfield>
  </datafield>
  <datafield tag="952" ind1=" " ind2=" ">
    <subfield code="0">0</subfield>
    <subfield code="1">0</subfield>
    <subfield code="4">0</subfield>
    <subfield code="7">0</subfield>
    <subfield code="8">Faculty of Medical Sciences</subfield>
    <subfield code="a">SIRC</subfield>
    <subfield code="b">SIRC</subfield>
    <subfield code="c">Surgery</subfield>
    <subfield code="d">2024-04-24</subfield>
    <subfield code="l">0</subfield>
    <subfield code="o">617 HAR-R 2019</subfield>
    <subfield code="p">13473</subfield>
    <subfield code="r">2024-04-24</subfield>
    <subfield code="t">1</subfield>
    <subfield code="w">2024-04-24</subfield>
    <subfield code="y">BK</subfield>
    <subfield code="Y">BK</subfield>
  </datafield>
  <datafield tag="952" ind1=" " ind2=" ">
    <subfield code="0">0</subfield>
    <subfield code="1">0</subfield>
    <subfield code="4">0</subfield>
    <subfield code="7">0</subfield>
    <subfield code="8">Faculty of Medical Sciences</subfield>
    <subfield code="a">SIRC</subfield>
    <subfield code="b">SIRC</subfield>
    <subfield code="c">Surgery</subfield>
    <subfield code="d">2024-04-24</subfield>
    <subfield code="l">0</subfield>
    <subfield code="o">617 HAR-R 2019</subfield>
    <subfield code="p">13474</subfield>
    <subfield code="r">2024-04-24</subfield>
    <subfield code="t">2</subfield>
    <subfield code="w">2024-04-24</subfield>
    <subfield code="y">BK</subfield>
    <subfield code="Y">BK</subfield>
  </datafield>
  <datafield tag="952" ind1=" " ind2=" ">
    <subfield code="0">0</subfield>
    <subfield code="1">0</subfield>
    <subfield code="4">0</subfield>
    <subfield code="7">0</subfield>
    <subfield code="8">Faculty of Medical Sciences</subfield>
    <subfield code="a">SIRC</subfield>
    <subfield code="b">SIRC</subfield>
    <subfield code="c">Surgery</subfield>
    <subfield code="d">2024-04-24</subfield>
    <subfield code="l">1</subfield>
    <subfield code="m">1</subfield>
    <subfield code="o">617 HAR-R 2019</subfield>
    <subfield code="p">13475</subfield>
    <subfield code="q">2025-11-24</subfield>
    <subfield code="r">2025-09-25</subfield>
    <subfield code="s">2025-09-25</subfield>
    <subfield code="t">3</subfield>
    <subfield code="w">2024-04-24</subfield>
    <subfield code="y">BK</subfield>
    <subfield code="Y">BK</subfield>
  </datafield>
  <datafield tag="952" ind1=" " ind2=" ">
    <subfield code="0">0</subfield>
    <subfield code="1">0</subfield>
    <subfield code="4">0</subfield>
    <subfield code="7">0</subfield>
    <subfield code="8">Faculty of Medical Sciences</subfield>
    <subfield code="a">SIRC</subfield>
    <subfield code="b">SIRC</subfield>
    <subfield code="c">Surgery</subfield>
    <subfield code="d">2024-04-24</subfield>
    <subfield code="l">0</subfield>
    <subfield code="o">617 HAR-R 2019</subfield>
    <subfield code="p">13476</subfield>
    <subfield code="r">2024-04-24</subfield>
    <subfield code="t">4</subfield>
    <subfield code="w">2024-04-24</subfield>
    <subfield code="y">BK</subfield>
    <subfield code="Y">BK</subfield>
  </datafield>
  <datafield tag="952" ind1=" " ind2=" ">
    <subfield code="0">0</subfield>
    <subfield code="1">0</subfield>
    <subfield code="4">0</subfield>
    <subfield code="7">0</subfield>
    <subfield code="8">Faculty of Medical Sciences</subfield>
    <subfield code="a">SIRC</subfield>
    <subfield code="b">SIRC</subfield>
    <subfield code="c">Surgery</subfield>
    <subfield code="d">2024-10-15</subfield>
    <subfield code="l">0</subfield>
    <subfield code="o">617 HAR-R 2019</subfield>
    <subfield code="p">13477</subfield>
    <subfield code="r">2024-10-15</subfield>
    <subfield code="t">5</subfield>
    <subfield code="w">2024-10-15</subfield>
    <subfield code="y">BK</subfield>
    <subfield code="Y">BK</subfield>
  </datafield>
</record>
